Mujer, sexualidad, internet y política: los nuevos electores latinoamericanos

Los autores de este libro han participado como consultores en decenas de campañas electorales en varios países de América Latina. A través de las investigaciones han constatado lo que es un secreto a voces: la mayor parte de los latinoamericanos desconfía de los partidos y crece la abstención en los...

Full description

Bibliographic Details
Main Author: Durán Barba, Jaime 1947-
Other Authors: Nieto, Santiago
Format: Libro
Language:Spanish
Published: México: Fondo de Cultura Económica, 2006.
Series:Política y derecho
Subjects:
Online Access:

MARC

LEADER 00000cam a2200000 4500
003 UAHC
005 20181022170624.0
008 181010s2006 mx |||| |||| 00| 0 spa d
952 |0 0  |1 0  |2 ddc  |4 0  |6 323_042098000000000_DUR  |7 0  |8 COMP  |9 90745  |a BC  |b BC  |c General  |d 2018-10-10  |e Compra  |g 10715.00  |l 0  |o 323.042098 DUR  |p 1461330  |r 2026-01-07 00:00:00  |v 10715.00  |w 2018-10-10  |x OC: 2132 / F: 11425  |y BK 
999 |c 51079  |d 51079 
020 |a 9789681681265 
035 |a CENTRAL 
040 |a UAHC_CL  |c UAHC_CL  |d UAHC_CL 
082 |2 21  |a 323.042098  |b B228 
100 |9 5198  |a Durán Barba, Jaime  |d 1947- 
245 |a Mujer, sexualidad, internet y política:  |b los nuevos electores latinoamericanos  |c Jaime Durán Barba, Santiago Nieto.  
260 |a México:  |b Fondo de Cultura Económica,  |c 2006. 
300 |a 388 p. 
440 |9 313  |a Política y derecho 
520 |a Los autores de este libro han participado como consultores en decenas de campañas electorales en varios países de América Latina. A través de las investigaciones han constatado lo que es un secreto a voces: la mayor parte de los latinoamericanos desconfía de los partidos y crece la abstención en los procesos electorales. Hace décadas muchos jóvenes militaban en la izquierda o en la derecha; la discusión sobre el poder era algo fundamental en su vida. Hoy la gran mayoría de los jóvenes odia la política. El libro trata de analizar lo que está detrás de esta problemática. Los latinoamericanos buscan ante todo el placer y la comodidad. La agonía de la religión, de las ideologías, de la ética, del machismo nos ha llevado a una sociedad en la que los jóvenes no están dispuestos a dar la vida por ninguna idea, y lo cotidiano ha desterrado a las utopías. La revolución tecnológica nos obliga a utilizar nuevas formas de comunicación. Las imágenes han aniquilado a las palabras y el espectáculo ha remplazado a los antiguos discursos y programas. Muchas elecciones se ganan o se pierden en el continente a causa de estos elementos, que son extraños a la comprensión tradicional de la política. Éste es un texto provocador, que cuestiona los paradigmas, con un estilo ameno, pleno de humor y sólido respaldo académico. Es una lectura obligada para quien quiera comprender de una manera distinta los procesos electorales contemporáneos y los juegos de poder que se dan desde el nivel familiar hasta el político 
526 |a Colección de Género y Sexualidades 
650 0 |9 5163  |a Mujeres en política 
650 0 |9 5200  |a  Internet  |x Aspectos políticos  |z América Latina 
650 0 |9 5286  |a Ciberactivismo 
650 0 |9 1936  |a Participación política  |z América Latina 
700 |9 5199  |a Nieto, Santiago 
942 |2 ddc  |c BK